000 00641nam a22002177a 4500
003 OSt
005 20160716160038.0
008 160716b xxu||||| |||| 00| 0 eng d
020 _a978-981-4272-56-8
040 _cLIC
082 _22009
_aDC 004
_bW46
100 _911612
_aWells, Dolores J.
245 _aBasic computer concepts/
_cDolores J. Wells
250 _aPhilippine Edition
260 _aAustralia:
_bCengage Learning Asia Pte Ltd,
_cc2009.
300 _avii, 471 pages :
_billustrations;
_c25 cm.
500 _aIncludes glossary and index.
650 0 _911615
_aComputers
650 0 _911616
_aComputer literacy
942 _2ddc
_cDC
999 _c3480
_d3480